Analysis of the relationship between apoptosis and dna ploidy in acute lymphoblastic leukemia /
Saved in:
| 主要作者: | |
|---|---|
| 格式: | Thesis 圖書 |
| 語言: | English |
| 出版: |
2000.
|
| 主題: | |
| 標簽: |
添加標簽
沒有標簽, 成為第一個標記此記錄!
|
| LEADER | 00884cam a2200241 a 4500 | ||
|---|---|---|---|
| 001 | u689140 | ||
| 003 | SIRSI | ||
| 008 | 981209s2000 si v 0 eng m | ||
| 035 | |a ACR-3585 | ||
| 040 | |a UMP | ||
| 096 | |a QZ4 |b NUS 2000 Zha | ||
| 100 | 1 | 0 | |a Zhang, Yili. |
| 245 | 1 | 0 | |a Analysis of the relationship between apoptosis and dna ploidy in acute lymphoblastic leukemia / |c Zhang Yili. |
| 260 | 0 | |c 2000. | |
| 300 | |a xii, 140 leaves : |b ill. ; |c 30 cm. | ||
| 502 | 0 | 0 | |a Dissertation (M.Sc.) -- Department of Pathology, National University of Singapore, 2000. |
| 504 | |a Bibliography: p 125-140. | ||
| 650 | 2 | |a Leukemia, Lymphocytic. | |
| 650 | 2 | |a Apoptosis. | |
| 710 | 2 | 0 | |a National University of Singapore. |b Dept. of Pathology. |
| 948 | |a 24/10/2001 |b 14/06/2004 | ||
| 596 | |a 2 | ||
| 999 | |a QZ4 NUS 2000 ZHA |w NLM |c 1 |i A503623645 |d 19/10/2005 |f 19/10/2005 |g 1 |l TESIS |m P02MEDKL |r Y |s Y |t TESIS |u 19/10/2005 | ||
